000
00202nam a22000857a 4500
008
170123b xxu||||| |||| 00| 0 eng d
100
_9
2536
_a
CBSE
245
_a
Marking Scheme
260
_a
New Delhi
_b
CBSE
_c
2011
999
_c
5625
_d
5625